000 00771nam a2200217Ia 4500
008 191130s2003##################000#0#eng##
020 _a9789058096524
040 _aACL
_cACL
082 _a304.23 LI
100 _aLi, Zhilin
245 _aAdvances in spatial analysis and decision making: proceedings of the ISPRS workshop on Spatial Analysis and Decision Making: Hong Kong, 3-5 December 2003
_cZhilin Li, Q. Zhou, W. Kainz
260 _aLisse
_bBalkema
_c2003
300 _aix, 321 p. ; 26 cm
500 _aIncludes bibliographical references and index
650 _aGeographic information systems
650 _aRemote sensing
650 _aSpatial analysis (Statistics)
990 _a8aa8fd9fac10000c5fb8372bc9fa7c51
991 _a199700
999 _c363638
_d363638